| 000 | 00732cam a2200265 4500500 | ||
|---|---|---|---|
| 005 | 20260329003605.0 | ||
| 041 | _afre | ||
| 042 | _adc | ||
| 100 | 1 | 0 |
_aDuru, Martin _eauthor |
| 245 | 0 | 0 | _aII. La voie de la sublimation |
| 260 | _c2016. | ||
| 500 | _a49 | ||
| 690 | _aChoix | ||
| 690 | _achristianisme | ||
| 690 | _aGeorges Bataille | ||
| 690 | _aInterdit | ||
| 690 | _aphilo | ||
| 690 | _aphilosophie | ||
| 690 | _aPsychanalyse | ||
| 690 | _aSaint Augustin | ||
| 690 | _aSublimation | ||
| 690 | _aTransgression | ||
| 786 | 0 | _nPhilosophie magazine | 97 | 3 | 2016-03-01 | p. 32-33 | 1951-1787 | |
| 856 | 4 | 1 | _uhttps://shs.cairn.info/magazine-philosophie-magazine-2016-3-page-32?lang=fr&redirect-ssocas=7080 |
| 999 |
_c1825849 _d1825849 |
||